Snooker quiz - Statistics

General Stats
  • This quiz has been taken 830 times
    573 since last reset
  • The average score is 9 of 20
Answer Stats
Hint Answer % Correct
Made the fastest maximum break Ronnie O'Sullivan
94%
Nicknamed "Wishard of Wishaw" John Higgins
79%
Players who have won all the triple crown events during the same season Stephen Hendry
75%
The world championship is held in this city Sheffield
72%
Which snooker player is known as the "Whirlwind" and has been runner-up six times in the WSC? Jimmy White
70%
Players who have won all the triple crown events during the same season Steve Davis
70%
Name one of the two players who have made a century of centuries in one single season Neil Robertson and Judd Trump
65%
Players who have won all the triple crown events during the same season Mark Williams
50%
Dead snooker player who won the masters in 2001,2002 and 2004 Paul Hunter
50%
Who are the only two qualifiers to have won the world title? Shaun Murphy
40%
Only masters final featuring two asians 2011
30%
1979 masters winner, Perrie Mans, is from South Africa
30%
The only WSC final featuring two welshmen 2000
29%
Oldest first-time winner of WSC Stuart Bingham
28%
Mark Williams won at the Crucible this year. Who was the runner-up? Matthew Stevens
27%
Who are the only two qualifiers to have won the world title? Terry Griffiths
25%
Made The Fastest Century Break Tony Drago
24%
The time he did it in 5:08
18%
First UK Championship winner Patsy Fagan
8%
The time he did it in 3:33
6%
No matching quizzes found
Score Distribution
Percent of People with Each Score
Percentile by Number Answered
Your Score History
You have not taken this quiz since the last reset